[Event "Lichtenberger Sommer 2017"]
[Site "Berlin"]
[Date "2017.08.27"]
[Round "9.103"]
[White "Jouani, Zakharia"]
[Black "Chung, Nicholas"]
[Result "0-1"]
[WhiteElo "1158"]
[BlackElo "1417"]
[PlyCount "75"]
[EventDate "2017.??.??"]
[WhiteTeam "Schachpinguine Berlin"]
[BlackTeam "TuS Makkabi Berlin"]

1. d4 d6 2. e4 Nf6 3. Nc3 g6 4. Nf3 Bg7 5. Bd3 O-O 6. O-O Nbd7 7. Bf4 c5 8. Bc4
a6 9. a4 Qb6 10. b3 Qc6 11. Re1 Rd8 12. Qe2 Nb6 13. Rad1 Bd7 14. d5 Qc7 15. Bd3
Rac8 16. a5 Na8 17. Ra1 Nxe4 18. Nxe4 Bxa1 19. Rxa1 Bf5 20. Nfg5 Qd7 21. Bxd6
Bxe4 22. Nxe4 f5 23. Nxc5 Qxd6 24. Nxb7 Qf6 25. Nxd8 Qxa1+ 26. Qf1 Qxf1+ 27.
Bxf1 Rxd8 28. Bxa6 Rxd5 29. b4 Rd1+ 30. Bf1 Nc7 31. a6 Nxa6 32. b5 Nc5 33. g3
Rd6 34. c4 Kf8 35. f4 Ke8 36. Kf2 Kd7 37. Ke3 Kc7 38. Bd3 0-1

[Event "Lichtenberger Sommer 2017"]
[Site "Berlin"]
[Date "2017.08.27"]
[Round "9.104"]
[White "Toth, Hans-Jürgen"]
[Black "Lange, Christoph"]
[Result "0-1"]
[WhiteElo "1546"]
[BlackElo "1292"]
[PlyCount "124"]
[EventDate "2017.??.??"]
[WhiteTeam "SF Zehdenick"]
[BlackTeam "TSG Oberschöneweide"]

1. f4 d5 2. Nf3 c6 3. e3 Nf6 4. b3 Bg4 5. Bb2 e6 6. Bd3 Nbd7 7. O-O Nc5 8. Qe2
Nxd3 9. cxd3 Be7 10. h3 Bxf3 11. Rxf3 Qc7 12. g4 O-O-O 13. g5 Ne8 14. a4 f6 15.
h4 fxg5 16. fxg5 Rf8 17. Na3 h6 18. Raf1 Rxf3 19. Rxf3 hxg5 20. hxg5 Bxg5 21.
Qg2 Bf6 22. Bxf6 gxf6 23. Nc2 Rd7 24. Kf2 Rg7 25. Qh3 Qd7 26. Nd4 e5 27. Ne6
Rh7 28. Qf5 Re7 29. Nc5 Qxf5 30. Rxf5 Kc7 31. b4 b6 32. Nb3 Rf7 33. Ke2 Nd6 34.
Rf2 f5 35. a5 bxa5 36. bxa5 f4 37. Nc5 fxe3 38. dxe3 Rxf2+ 39. Kxf2 Nb7 40. Nb3
c5 41. a6 c4 42. Nc1 Nc5 43. dxc4 dxc4 44. Ke2 Kb6 45. Kd2 Ne4+ 46. Kc2 Kxa6
47. Kb2 Kb5 48. Ka3 Nd2 49. Ne2 Nf1 50. Nc3+ Kc5 51. Nd1 Kd5 52. Kb4 a6 53.
Nc3+ Ke6 54. e4 Nd2 55. Ka5 Kd6 56. Kxa6 Kc5 57. Ka5 Kd4 58. Kb4 Nxe4 59. Nxe4
Kxe4 60. Kxc4 Ke3 61. Kc3 e4 62. Kc2 Ke2 0-1